00254nam a2200097Ia 4500008004100000100002300041245004300064250001200107260002900119300000800148191201s2011 xx 000 0 und d aSTALLINGS, William 0aComputer Organization and Architecture aIMP 2nd c2011bpearsonaNEW DELHI a792